| 000 | 00546nam a22001457a 4500 | ||
|---|---|---|---|
| 008 | 140901b xxu||||| |||| 00| 0 eng d | ||
| 020 | _a0406091935 | ||
| 050 | _aKD275.4.L39(1918) | ||
| 245 |
_aThe Law Reports of the incorporated Council of Law Reporting, Appeal Cases(1917): House of Lords, Judicial Committee of the Privy Council and Peerage Cases. / _cedited by Frederick Pollock |
||
| 260 |
_aLondon: _bButterworth, _c1917. |
||
| 300 |
_axiv, 640p. _c24cm. |
||
| 440 | _pAppeal cases, 1917. | ||
| 700 | _aPollock, Frederick | ||
| 942 |
_2lcc _cBK |
||
| 999 |
_c3898 _d11398 |
||